Wszystkie drużyny PLK (koszykówka mężczyzn) od sezonu 2003/2004. - Statystyki

Ogólne statystyki
  • Ten quiz został rozwiązany 186 razy
  • Średni wynik to 19 z 39
Statystyki odpowiedzi
Drużyny % Poprawnych
Legia Warszawa
89%
WKS Śląsk Wrocław
88%
Anwil Włocławek
84%
Trefl Sopot
82%
Arka Gdynia
80%
Dziki Warszawa
75%
King Szczecin
75%
Zastal Zielona Góra
74%
Twarde Pierniki Toruń
73%
Czarni Słupsk
70%
GTK Gliwice
65%
Start Lublin
65%
Astoria Bydgoszcz
64%
Górnik Wałbrzych
64%
MKS Dąbrowa Górnicza
60%
Stal Ostrów Wielkopolski
59%
Spójnia Stargard
58%
Turów Zgorzelec
53%
Miasto Szkła Krosno
51%
Sokół Łańcut
51%
HydroTruck Radom
50%
AZS Koszalin
49%
Kotwica Kołobrzeg
47%
Polonia Warszawa
47%
Polpharma Starogard Gdański
43%
ŁKS Łódź
42%
Noteć Inowrocław
37%
Siarka Tarnobrzeg
35%
Basket Poznań
29%
Polpak Świecie
26%
Polfarmex Kutno
25%
Basket Kwidzyn
13%
Znicz Jarosław
13%
Start Gdynia
12%
Unia Tarnów
12%
Stal Stalowa Wola
11%
AZS Politechnika Warszawska
8%
Sportino Inowrocław
6%
Viking Gdynia
1%
Nie znaleziono quizów pasujących do podanych kryteriów
Rozkład punktacji
Procent ludzi z każdym wynikiem
Percentyl według liczby udzielonych odpowiedzi
Twoja historia wyników
Nie rozwiązałeś tego quizu